[Event "Giugliano op 5th"]
[Site "Giugliano"]
[Date "2010.09.26"]
[Round "5"]
[White "Pennacchio, Mario"]
[Black "Mazzarella, Antonio"]
[Result "0-1"]
[WhiteElo "1515"]
[BlackElo "2040"]
[PlyCount "108"]
[EventDate "2010.09.24"]
[EventType "swiss"]
[EventRounds "5"]
[EventCountry "ITA"]
[SourceTitle "EXT 2024"]
[Source "ChessBase"]
[SourceDate "2023.10.10"]
[SourceVersion "1"]
[SourceVersionDate "2023.10.10"]
[SourceQuality "1"]

1. e4 d5 2. exd5 Qxd5 3. Nc3 Qa5 4. d4 Nf6 5. Bd3 c6 6. Nge2 Bg4 7. Bd2 e6 8. a3 Nbd7 9. 0-0 Be7 10. Qe1 Qc7 11. f3 Bh5 12. Bf4 Bd6 13. Qg3 Bxf4 14. Nxf4 Bg6 15. Nce2 0-0-0 16. b4 e5 17. dxe5 Nxe5 18. b5 Nxd3 19. cxd3 Qb6+ 20. d4 Qxb5 21. Qf2 Qa5 22. Nxg6 hxg6 23. Qe3 Rhe8 24. Qf2 Rd7 25. Nc1 Qc3 26. Ne2 Qe3 27. Qxe3 Rxe3 28. Kf2 Nd5 29. Nf4 Rb3 30. Nxd5 Rxd5 31. Rfd1 Rb2+ 32. Kg3 Rg5+ 33. Kf4 Rgxg2 34. d5 cxd5 35. Rac1+ Rbc2 36. h4 Rxc1 37. Rxc1+ Kd7 38. Ke5 Rd2 39. Rb1 b6 40. Rb4 f6+ 41. Kf4 Rc2 42. Kg3 Rc4 43. Rb3 d4 44. Rd3 Kd6 45. Kf4 Kd5 46. Rb3 Rc5 47. Rb1 Kc4 48. Rg1 g5+ 49. hxg5 Rxg5 50. Rc1+ Kd3 51. Rc7 a5 52. Rb7 b5 53. a4 b4 54. Rd7 Kc3 0-1